Better future for farming and food (Record no. 72137)
[ view plain ]
| 000 -LEADER | |
|---|---|
| fixed length control field | 00999cam a2200205 4500 |
| 001 - CONTROL NUMBER | |
| control field | WB3907-17 |
| 008 - FIXED-LENGTH DATA ELEMENTS--GENERAL INFORMATION | |
| fixed length control field | 030219n2003 000 0 eng u |
| 035 ## - SYSTEM CONTROL NUMBER | |
| System control number | (Sirsi) u121399 |
| 245 ## - TITLE STATEMENT | |
| Title | Better future for farming and food |
| 260 ## - PUBLICATION, DISTRIBUTION, ETC. | |
| Date of publication, distribution, etc. | 2003 |
| 490 ## - SERIES STATEMENT | |
| Series statement | DEFRA News Release |
| Volume/sequential designation | (57/03) 18 February 2003, (2) |
| 520 ## - SUMMARY, ETC. | |
| Summary, etc. | Government has promised an extra £2.5m for the Farm Business Advice Service to help a further 3 000 farmers boost profits and explore opportunities for diversification. Secretary of State Margaret Beckett's speech at the NFU annual conference called for the industry to work with government to deliver the sustainable farming and food strategy. Full speech available at www.defra.gov.uk/corporate/ministers/speeches/mb030218.htm www.defra.gov.uk/news/2003/030218a.htm |
| 590 ## - LOCAL NOTE (RLIN) | |
| Local note | WB |
| 650 ## - SUBJECT ADDED ENTRY--TOPICAL TERM | |
| Topical term or geographic name entry element | FARMING INDUSTRY |
| 650 ## - SUBJECT ADDED ENTRY--TOPICAL TERM | |
| Topical term or geographic name entry element | FOOD INDUSTRY |
| 650 ## - SUBJECT ADDED ENTRY--TOPICAL TERM | |
| Topical term or geographic name entry element | SUSTAINABLE FARMING |
| 650 ## - SUBJECT ADDED ENTRY--TOPICAL TERM | |
| Topical term or geographic name entry element | FARM BUSINESS ADVICE SERVICE |
| 690 ## - LOCAL SUBJECT ADDED ENTRY--TOPICAL TERM (OCLC, RLIN) | |
| Topical term or geographic name as entry element | Rural |
| 9 (RLIN) | 6268 |
| 942 ## - ADDED ENTRY ELEMENTS (KOHA) | |
| Suppress in OPAC | 0 |
| Withdrawn status | Lost status | Source of classification or shelving scheme | Damaged status | Not for loan | Home library | Current library | Shelving location | Date acquired | Total Checkouts | Full call number | Barcode | Date last seen | Copy number | Price effective from | Koha item type |
|---|---|---|---|---|---|---|---|---|---|---|---|---|---|---|---|
| Dewey Decimal Classification | London | London | News article | 19/02/2003 | WB3907-17 | 121399-1001 | 06/08/2019 | 1 | 06/08/2019 | News article |